| 000 | 00715cam a2200241 a 4500 | ||
|---|---|---|---|
| 001 | 000005925 | ||
| 003 | DO-SdBNP | ||
| 005 | 20210928094806.0 | ||
| 007 | ta | ||
| 008 | 940923s 1992 sp 001 0 spa | ||
| 020 | _a8480480084 | ||
| 040 |
_aDO-SdBNP _cspa _dBNPHU |
||
| 082 | 4 |
_aBNPHU 862.64 _bN682b |
|
| 100 | 1 |
_aNieva, Francisco, _d1924- _916709 |
|
| 245 | 1 | 3 |
_aEl baile de los ardientes o poderoso cabriconde / _cFrancisco Nieva. |
| 260 |
_aMadrid : _bSociedad General de Autores de España, _c1992. |
||
| 300 |
_a50 p. ; _c23 cm. |
||
| 490 | 1 |
_aTeatro _v1 |
|
| 650 | 1 | 4 |
_aTeatro español _ySiglo XX _916710 |
| 650 | 1 | 4 |
_aLiteratura española _ySiglo XX _916711 |
| 830 | 0 |
_nTeatro _p1 _926939 |
|
| 942 |
_2ddc _cLBS1 |
||
| 999 |
_c5721 _d5721 |
||